[Event "GER-ch Seniors 07th"]
[Site "Oldenburg"]
[Date "1995.??.??"]
[Round "4"]
[White "Wilhelms, Artur"]
[Black "Fluegel, Wilhelm"]
[Result "1/2-1/2"]
[WhiteElo "1909"]
[BlackElo "2016"]
[PlyCount "28"]
[EventDate "1995.08.24"]
[EventType "swiss"]
[EventRounds "9"]
[EventCountry "GER"]
[SourceTitle "EXT 2022"]
[Source "ChessBase"]
[SourceDate "2021.10.06"]
[SourceVersion "1"]
[SourceVersionDate "2021.10.06"]
[SourceQuality "1"]

1. e4 d5 2. exd5 Qxd5 3. Nc3 Qa5 4. d4 c6 5. Nf3 Bg4 6. Be2 Nd7 7. 0-0 Ngf6 8. Bf4 e6 9. a3 Be7 10. Qd3 Qf5 11. Qd2 0-0 12. Bd3 Qa5 13. b4 Qd8 14. Ne5 a6 1/2-1/2

[Event "GER-ch Seniors 07th"]
[Site "Oldenburg"]
[Date "1995.??.??"]
[Round "2"]
[White "Wilhelms, Artur"]
[Black "Franck, Rudolf"]
[Result "1/2-1/2"]
[WhiteElo "1909"]
[BlackElo "2181"]
[PlyCount "79"]
[EventDate "1995.08.24"]
[EventType "swiss"]
[EventRounds "9"]
[EventCountry "GER"]
[SourceTitle "EXT 2022"]
[Source "ChessBase"]
[SourceDate "2021.10.06"]
[SourceVersion "1"]
[SourceVersionDate "2021.10.06"]
[SourceQuality "1"]

1. e4 c6 2. d4 d5 3. Nc3 dxe4 4. Nxe4 Nd7 5. Nf3 Ngf6 6. Ng3 e6 7. Bf4 Nd5 8. Bd2 Bd6 9. Ne4 Be7 10. Bd3 N7f6 11. c3 Nxe4 12. Bxe4 Nf6 13. Bc2 Qb6 14. Rb1 c5 15. Ba4+ Bd7 16. Bxd7+ Nxd7 17. 0-0 0-0 18. Qe2 Rad8 19. d5 e5 20. Nxe5 Nxe5 21. Qxe5 Bf6 22. Qh5 Qa6 23. Bf4 Qc4 24. Qf3 Qxd5 25. Qxd5 Rxd5 26. Rfd1 Rfd8 27. Rxd5 Rxd5 28. Kf1 Kf8 29. Re1 Be7 30. Ke2 Ke8 31. Kf3 Kd7 32. Re2 b5 33. g4 h5 34. h3 a5 35. Ke4 Kc6 36. Rd2 Rxd2 37. Bxd2 hxg4 38. hxg4 a4 39. b3 axb3 40. axb3 1/2-1/2